[Event "Offene Hessische Senioren Einzelmeisters"]
[Site "Bad Sooden- Allendorf"]
[Date "2013.04.23"]
[Round "4.43"]
[White "Ludwig, Siegfried"]
[Black "Gerhardt, Peter-Michael"]
[Result "0-1"]
[WhiteElo "1348"]
[BlackElo "1975"]
[PlyCount "70"]
[EventDate "2013.??.??"]
[WhiteTeam "GSV Hemmingen"]
[BlackTeam "SC Vahr"]

1. e4 g6 2. Bc4 Bg7 3. Nf3 d6 4. h3 Nf6 5. d3 O-O 6. O-O e5 7. Bg5 h6 8. Be3
Be6 9. Nc3 Nbd7 10. Qd2 Kh7 11. b4 Qe7 12. a3 c6 13. Rad1 d5 14. exd5 cxd5 15.
Bb5 d4 16. Bxd4 exd4 17. Nxd4 a6 18. Bxd7 Bxd7 19. Nce2 Qd6 20. Nf3 Rad8 21. c4
Ba4 22. Qc1 Bxd1 23. Rxd1 Rfe8 24. c5 Qd5 25. Ng3 Qb3 26. Ne1 Nd5 27. Ne4 Nf4
28. Rd2 Nxd3 29. Nxd3 Rxe4 30. c6 Rc4 31. Qe1 Rxc6 32. Nc5 Qc3 33. Nb3 Rxd2 34.
Nxd2 Re6 35. Qd1 Rd6 0-1

[Event "Offene Hessische Senioren Einzelmeisters"]
[Site "Bad Sooden- Allendorf"]
[Date "2013.04.23"]
[Round "4.44"]
[White "Haselhorst, Helmut"]
[Black "Geisler, Reinhard"]
[Result "1-0"]
[WhiteElo "2003"]
[BlackElo "1697"]
[PlyCount "61"]
[EventDate "2013.??.??"]
[WhiteTeam "SK Ostbevern/Westbevern"]
[BlackTeam "SK Werther 1949 e.V."]

1. Nf3 Nf6 2. c4 e6 3. g3 d5 4. d4 c6 5. Bg2 Nbd7 6. Qc2 Ne4 7. O-O Bd6 8. Nbd2
f5 9. Nxe4 fxe4 10. Ng5 Nf6 11. f3 exf3 12. Rxf3 Qe7 13. Bd2 Bd7 14. e4 dxe4
15. Nxe4 Nxe4 16. Qxe4 O-O-O 17. Raf1 Rdf8 18. Rxf8+ Rxf8 19. Rxf8+ Qxf8 20.
Qxh7 Qf6 21. Qe4 e5 22. dxe5 Bxe5 23. b3 Bd4+ 24. Kh1 Bb6 25. Qb1 Bf5 26. Qe1
Bd4 27. Bf4 Bd7 28. h4 b6 29. Kh2 a5 30. Bh3 Bxh3 31. Qe8+ 1-0

[Event "Offene Hessische Senioren Einzelmeisters"]
[Site "Bad Sooden- Allendorf"]
[Date "2013.04.23"]
[Round "4.45"]
[White "Scholze, Roland"]
[Black "Limberg, Siegfried"]
[Result "0-1"]
[WhiteElo "1686"]
[BlackElo "1970"]
[Annotator ",Microsoft"]
[PlyCount "91"]
[EventDate "2013.??.??"]
[WhiteTeam "SV Lok Dresden"]
[BlackTeam "Sfr. Taunus Königstein/Schwalbac"]

1. e4 c6 2. d4 g6 3. Nc3 Bg7 4. Nf3 d5 5. Be3 Bg4 6. Be2 e6 7. Qd2 Nd7 8. O-O
Ne7 9. h3 Bxf3 10. Bxf3 O-O 11. Bh6 Rb8 12. Bxg7 Kxg7 13. a4 a5 14. exd5 exd5
15. Rfe1 Re8 16. Ne2 Nf6 17. Ng3 Qc7 18. Re2 Neg8 19. Rae1 Rxe2 20. Rxe2 $11
Re8 21. Rxe8 Nxe8 22. b3 h6 23. c4 Ngf6 24. Qc3 Qd8 25. Qe3 Nc7 26. Ne2 Qd6 27.
c5 Qd8 28. g4 Qe8 29. Qc3 $11 Qa8 30. Qe3 Ne6 31. h4 Qb8 32. g5 hxg5 33. hxg5
Nh7 34. Bg4 Nhxg5 35. f4 Ne4 36. f5 N6g5 37. fxg6 fxg6 38. Nf4 Qh8 39. Ne6+
Nxe6 40. Bxe6 Qe8 41. Bg4 Qb8 42. Qe1 b6 43. Bf3 bxc5 44. Bxe4 dxe4 45. dxc5
Qxb3 46. Qxe4 0-1

[Event "Offene Hessische Senioren Einzelmeisters"]
[Site "Bad Sooden- Allendorf"]
[Date "2013.04.23"]
[Round "4.46"]
[White "Ditmas, Hugh"]
[Black "Hesse, Klaus Dieter"]
[Result "1-0"]
[WhiteElo "1902"]
[BlackElo "1668"]
[Annotator ",Microsoft"]
[PlyCount "79"]
[EventDate "2013.??.??"]
[WhiteTeam "Bremer SG von 1877"]
[BlackTeam "SK Stadtallendorf"]

1. d4 Nf6 2. c4 g6 3. Nc3 d5 4. cxd5 Nxd5 5. e4 Nxc3 6. bxc3 Bg7 7. Nf3 Bg4 8.
h3 Bxf3 9. Qxf3 c5 10. Bb5+ Nd7 11. Qd3 cxd4 12. cxd4 O-O 13. Bxd7 Qxd7 14. Be3
Rfd8 15. Rd1 Qa4 16. O-O Rac8 17. d5 Rc4 18. Qb3 Rb4 19. Qxa4 Rxa4 20. Rd2 Rxe4
21. Bxa7 Ra8 22. Bc5 Ra5 23. Rc2 Bd4 24. Bxd4 Rxd4 25. Re1 Raxd5 26. Rxe7 Rd7
27. Rxd7 Rxd7 28. Rb2 Kf8 29. Kf1 Ke7 30. Ke2 Ke6 31. Ke3 g5 32. g4 f6 33. Ke4
Rc7 34. Kd4 Rd7+ 35. Kc5 h5 36. gxh5 Rh7 37. Kb6 Rxh5 38. Kxb7 Rxh3 39. Rb3
Rh7+ 40. Kb6 {Rest nicht rekonstruierbar} 1-0

[Event "Offene Hessische Senioren Einzelmeisters"]
[Site "Bad Sooden- Allendorf"]
[Date "2013.04.23"]
[Round "4.47"]
[White "Kolkwitz, Klaus"]
[Black "Kempen, Willi"]
[Result "0-1"]
[WhiteElo "1658"]
[BlackElo "1888"]
[PlyCount "24"]
[EventDate "2013.??.??"]
[WhiteTeam "ESV 1949 Eberswalde e.V."]
[BlackTeam "Rheydter SV 1920"]

1. d4 d5 2. Bf4 e6 3. e3 Nf6 4. Nd2 Bd6 5. Bg3 O-O 6. Ngf3 Ne4 7. Bd3 f5 8. Ne5
c5 9. c3 Nc6 10. f4 Qe8 11. Ndf3 Qh5 12. Ng5 Nxg3 0-1

[Event "Offene Hessische Senioren Einzelmeisters"]
[Site "Bad Sooden- Allendorf"]
[Date "2013.04.23"]
[Round "4.49"]
[White "Papenkordt, Karl-Hermann"]
[Black "Busic, Nedjeljko"]
[Result "0-1"]
[WhiteElo "1648"]
[BlackElo "1877"]
[PlyCount "50"]
[EventDate "2013.??.??"]
[WhiteTeam "SG Witten"]
[BlackTeam "SC Bad Nauheim"]

1. d4 g6 2. c4 Bg7 3. Nc3 Nf6 4. e4 d6 5. f3 O-O 6. Be3 Nbd7 7. Qd2 c5 8. d5
Ne5 9. h3 Qa5 10. f4 Ned7 11. Nf3 Nh5 12. Bd3 Ng3 13. Rh2 f5 14. exf5 Nxf5 15.
Bxf5 Rxf5 16. g4 Rf8 17. Ng5 Nb6 18. Qd3 Qb4 19. Rc1 Qxc4 20. Qxc4 Nxc4 21. Re2
h6 22. Ne6 Bxe6 23. dxe6 Nxe3 24. Rxe3 Bxc3+ 25. Rcxc3 Rxf4 0-1

[Event "Offene Hessische Senioren Einzelmeisters"]
[Site "Bad Sooden- Allendorf"]
[Date "2013.04.23"]
[Round "4.50"]
[White "Rüggeberg, Wilhelm"]
[Black "Leutz, Hans"]
[Result "0-1"]
[WhiteElo "1641"]
[BlackElo "1832"]
[PlyCount "101"]
[EventDate "2013.??.??"]
[WhiteTeam "Sfr.Saarburg-Trier"]
[BlackTeam "SV Ebersbach"]

1. d4 d5 2. c4 e6 3. Nc3 Nf6 4. Nf3 c6 5. Bg5 Nbd7 6. e3 Qa5 7. a3 Ne4 8. Qc1
dxc4 9. Bf4 b5 10. Be2 Ndf6 11. O-O Nxc3 12. bxc3 Nd5 13. Ne5 Qxc3 14. Nxc6
Qxc1 15. Rfxc1 Nxf4 16. exf4 Bd6 17. g3 Bd7 18. Bf3 Rc8 19. Ne5 Rc7 20. a4 Bxe5
21. fxe5 bxa4 22. d5 O-O 23. Rc3 Bb5 24. Be4 exd5 25. Bxd5 Rd8 26. Be4 Rcd7 27.
Re1 Rd1 28. Kf1 R8d2 29. Bc2 Rxe1+ 30. Kxe1 Rd5 31. f4 g6 32. Ra3 Bd7 33. Rc3
Rc5 34. Kd2 Kf8 35. Ra3 Ke7 36. Kc3 Ke6 37. Bxa4 Bxa4 38. Rxa4 Rc7 39. Ra2 Kf5
40. Kd4 c3 41. Rc2 a5 42. h3 h5 43. Kd3 a4 44. Ke3 a3 45. Kd3 h4 46. gxh4 Kxf4
47. h5 gxh5 48. Rxc3 Rxc3+ 49. Kxc3 Kxe5 50. Kb3 f5 51. Kxa3 0-1

[Event "Offene Hessische Senioren Einzelmeisters"]
[Site "Bad Sooden- Allendorf"]
[Date "2013.04.23"]
[Round "4.51"]
[White "Schütze, Manfred"]
[Black "Scheide, Helmut"]
[Result "0-1"]
[WhiteElo "1629"]
[BlackElo "1824"]
[PlyCount "116"]
[EventDate "2013.??.??"]
[WhiteTeam "VfL Gräfenhainichen"]
[BlackTeam "USV Potsdam e.V., Abt. Schach"]

1. e4 e5 2. Nf3 Nc6 3. Bb5 a6 4. Ba4 Nf6 5. O-O Be7 6. Re1 b5 7. Bb3 O-O 8. a4
Bb7 9. d3 d6 10. Nbd2 Na5 11. Ba2 c5 12. c3 Nc6 13. Nf1 Qc7 14. Ng3 Ne8 15. Bd5
Nf6 16. Ba2 Ne8 17. Bd5 Rb8 18. Bd2 Bc8 19. Qc2 g6 20. Rec1 Bf6 21. Bh6 Bg7 22.
Bxg7 Nxg7 23. axb5 axb5 24. b4 Ne7 25. Ba2 Be6 26. Bxe6 Nxe6 27. Qb2 Nf4 28.
Ne1 Rfc8 29. Ra3 cxb4 30. Qxb4 Nc6 31. Qb1 b4 32. cxb4 Rxb4 33. Qxb4 Nxb4 34.
Rxc7 Rxc7 35. Ra1 Nbxd3 36. Nxd3 Nxd3 37. Kf1 Rc1+ 38. Rxc1 Nxc1 39. Ke1 Nd3+
40. Ke2 Nf4+ 41. Kf3 Kf8 42. Nf1 Ke7 43. g3 Ne6 44. Ke3 Kd7 45. Nd2 Kc6 46. f4
Nd4 47. fxe5 dxe5 48. Kd3 Kd6 49. h3 f5 50. Ke3 Ke6 51. Nc4 h6 52. Nd2 g5 53.
exf5+ Nxf5+ 54. Kf3 Nd6 55. Kg4 Kf6 56. h4 e4 57. hxg5+ hxg5 58. Nc4 Nxc4 0-1

[Event "Offene Hessische Senioren Einzelmeisters"]
[Site "Bad Sooden- Allendorf"]
[Date "2013.04.23"]
[Round "4.52"]
[White "Schnaitmann, Herbert"]
[Black "Stuiber, Wilhelm"]
[Result "1-0"]
[WhiteElo "1818"]
[BlackElo "1627"]
[PlyCount "55"]
[EventDate "2013.??.??"]
[WhiteTeam "SC Grunbach"]
[BlackTeam "SK Turm Euskirchen 65"]

1. d4 d5 2. Nf3 e6 3. e3 f5 4. g3 Bd6 5. Bg2 Nf6 6. O-O O-O 7. b3 Qe7 8. Bb2 c6
9. a4 b6 10. Nbd2 Bb7 11. Ne5 Ne4 12. f3 Nxd2 13. Qxd2 Nd7 14. a5 a6 15. Nxd7
Qxd7 16. axb6 c5 17. c4 Qd8 18. Qa5 Rc8 19. b4 dxc4 20. bxc5 Be7 21. Qc3 Ra8
22. Qc2 Bd5 23. Qc3 Qd7 24. e4 fxe4 25. fxe4 Bc6 26. d5 Bf6 27. e5 Bb5 28. Rfd1
1-0

[Event "Offene Hessische Senioren Einzelmeisters"]
[Site "Bad Sooden- Allendorf"]
[Date "2013.04.23"]
[Round "4.53"]
[White "Papapostolou, Christos"]
[Black "Mewes, Hans-Dieter"]
[Result "1-0"]
[WhiteElo "1950"]
[BlackElo "1670"]
[Annotator ",Microsoft"]
[PlyCount "44"]
[EventDate "2013.??.??"]
[WhiteTeam "SK Bad Sooden-Allendorf"]
[BlackTeam "Stader SV"]

1. d4 d5 2. c4 c6 3. Nc3 Nf6 4. Nf3 e6 5. e3 Nbd7 6. a3 a6 7. Qc2 dxc4 8. Bxc4
b5 9. Ba2 Bb7 10. O-O h6 11. Rd1 Qc7 12. b4 Be7 13. e4 Rc8 14. e5 Nd5 15. Ne4
O-O 16. Bb1 f5 17. exf6 N5xf6 18. Ne5 Nxe4 19. Qxe4 Nf6 20. Qg6 Bd6 21. Bxh6
Rcd8 22. Ba2 Qe7 {fehlende Notation} 1-0

[Event "Offene Hessische Senioren Einzelmeisters"]
[Site "Bad Sooden- Allendorf"]
[Date "2013.04.23"]
[Round "4.54"]
[White "Hellwege, Werner"]
[Black "Van Vorselen, Theo"]
[Result "1-0"]
[WhiteElo "1811"]
[BlackElo "1595"]
[PlyCount "67"]
[EventDate "2013.??.??"]
[WhiteTeam "SK Lister Turm"]
[BlackTeam "DD Den Haag"]

1. d4 d5 2. c4 e6 3. Nf3 Nf6 4. g3 Bb4+ 5. Nc3 dxc4 6. Bg2 Be7 7. O-O O-O 8.
Ne5 c5 9. d5 exd5 10. Nxd5 Nxd5 11. Bxd5 Qc7 12. Nxc4 Nc6 13. Bf4 Qd7 14. Qd2
Nb4 15. Bg2 Qxd2 16. Bxd2 Be6 17. Rfc1 Rad8 18. Bxb4 cxb4 19. Bxb7 Bf6 20. Rab1
Bxc4 21. Rxc4 Rd2 22. Bf3 Rxb2 23. Rxb2 Bxb2 24. Rxb4 Ba3 25. Rb5 Rc8 26. Bg4
Rc1+ 27. Kg2 g6 28. Rb8+ Bf8 29. Rb7 a5 30. h4 Bb4 31. Rb8+ Bf8 32. Ra8 Rc4 33.
Bd7 Rc7 34. Bb5 1-0

[Event "Offene Hessische Senioren Einzelmeisters"]
[Site "Bad Sooden- Allendorf"]
[Date "2013.04.23"]
[Round "4.55"]
[White "Kienel, Norbert"]
[Black "Wittmann, Georg"]
[Result "1-0"]
[WhiteElo "1611"]
[BlackElo "1805"]
[PlyCount "73"]
[EventDate "2013.??.??"]
[WhiteTeam "SV Osnabrück"]
[BlackTeam "SV 51 Zerbst"]

1. d4 d5 2. c4 c6 3. e3 Nf6 4. Nc3 e6 5. Bd3 c5 6. Nf3 Nc6 7. cxd5 Nxd5 8. O-O
cxd4 9. exd4 Be7 10. Re1 O-O 11. a3 Nf6 12. h3 a6 13. Be3 Qc7 14. Rc1 Bd6 15.
Bg5 Bf4 16. Rc2 Bxg5 17. Nxg5 Nxd4 18. Nb5 Qf4 19. Nxd4 Qxg5 20. Nf3 Qa5 21.
Re5 Qb6 22. Ng5 h6 23. Ne4 Nxe4 24. Bxe4 f5 25. Bf3 Rd8 26. Rd2 Rxd2 27. Qxd2
Qc7 28. Re3 Bd7 29. Rc3 Bc6 30. b4 Rd8 31. Qc1 Rd6 32. a4 Qd7 33. Kh2 Bxf3 34.
Rxf3 Rd4 35. Qb2 Qd6+ 36. Rg3 Rxb4 37. Qxg7# 1-0

[Event "Offene Hessische Senioren Einzelmeisters"]
[Site "Bad Sooden- Allendorf"]
[Date "2013.04.23"]
[Round "4.56"]
[White "Rollwitz, Jürgen"]
[Black "Kynast, Reinhard"]
[Result "1-0"]
[WhiteElo "1804"]
[BlackElo "1574"]
[Annotator ",Microsoft"]
[PlyCount "95"]
[EventDate "2013.??.??"]
[WhiteTeam "SG Wedding e.V."]
[BlackTeam "Herforder SV Königsspr"]

1. e4 c5 2. c3 d5 3. exd5 Qxd5 4. d4 Nf6 5. Nf3 Bg4 6. Be2 e6 7. O-O Nc6 8. Be3
cxd4 9. Nxd4 Bxe2 10. Qxe2 Be7 11. Nd2 O-O 12. Qf3 Qxf3 13. N2xf3 Nxd4 14. Bxd4
Rfd8 15. Rad1 Nd5 16. g3 f6 17. c4 Nb4 18. a3 Nc6 19. Bc3 Rxd1 20. Rxd1 Rd8 21.
Rxd8+ Bxd8 22. Nd4 Nxd4 23. Bxd4 b6 24. h3 e5 25. Bc3 Kf7 26. Kg2 Ke6 27. Kf3
Be7 28. b4 g6 $11 29. a4 f5 30. Ke3 Bd6 31. f3 h6 32. g4 Be7 33. Kd3 e4+ 34.
fxe4 fxg4 35. hxg4 h5 36. gxh5 gxh5 37. Ke3 Bd6 38. Kf3 Be5 39. Bxe5 Kxe5 40.
c5 bxc5 41. bxc5 a5 42. Kg3 Ke6 43. Kh4 Kd7 44. e5 Ke6 45. c6 Ke7 46. Kxh5 Ke6
47. Kg5 Kxe5 48. c7 1-0

[Event "Offene Hessische Senioren Einzelmeisters"]
[Site "Bad Sooden- Allendorf"]
[Date "2013.04.23"]
[Round "4.58"]
[White "Schiller, Hans"]
[Black "Schneider, Miloca"]
[Result "1/2-1/2"]
[WhiteElo "1586"]
[BlackElo "1799"]
[PlyCount "49"]
[EventDate "2013.??.??"]
[WhiteTeam "SF Bad Lausick"]
[BlackTeam "SG Witten"]

1. d4 d5 2. Nf3 e6 3. Bf4 Bd6 4. Bxd6 Qxd6 5. c3 Nf6 6. Nbd2 Nc6 7. Qc2 O-O 8.
e4 e5 9. exd5 Qxd5 10. Bc4 Qd6 11. dxe5 Nxe5 12. O-O Nxf3+ 13. Nxf3 Bg4 14. Be2
Bh5 15. Rad1 Qe7 16. Rfe1 Rad8 17. Bd3 Qc5 18. Re5 Qb6 19. Bxh7+ Nxh7 20. Rxd8
Rxd8 21. Rxh5 g6 22. Re5 Nf6 23. h3 Qd6 24. Qe2 c5 25. Re7 1/2-1/2

[Event "Offene Hessische Senioren Einzelmeisters"]
[Site "Bad Sooden- Allendorf"]
[Date "2013.04.23"]
[Round "4.59"]
[White "Reimann, Günther"]
[Black "Weyand, Fernand"]
[Result "1/2-1/2"]
[WhiteElo "1771"]
[BlackElo "1570"]
[PlyCount "72"]
[EventDate "2013.??.??"]
[WhiteTeam "SC Magstadt"]
[BlackTeam "SV Saarbrücken 1970 e.V."]

1. c4 Nf6 2. Nf3 c5 3. g3 Nc6 4. Bg2 e6 5. d3 Be7 6. O-O O-O 7. b3 d5 8. Nbd2
d4 9. a3 a5 10. Qc2 e5 11. Re1 Bg4 12. h3 Be6 13. Ng5 Bf5 14. Nde4 Qd7 15. Kh2
Nxe4 16. Nxe4 Be6 17. Ng5 Bxg5 18. Bxg5 f5 19. Bd2 Ne7 20. b4 axb4 21. axb4
Rxa1 22. Rxa1 b6 23. Ra6 Rb8 24. bxc5 bxc5 25. Bg5 Bf7 26. Qa2 Nc8 27. Qa5 e4
28. Qxc5 h6 29. Bf4 Rb2 30. Ra8 Be6 31. Be5 exd3 32. exd3 Rxf2 33. Rb8 f4 34.
Kg1 Rxg2+ 35. Kxg2 Bxh3+ 36. Kg1 Qg4 1/2-1/2

[Event "Offene Hessische Senioren Einzelmeisters"]
[Site "Bad Sooden- Allendorf"]
[Date "2013.04.23"]
[Round "4.60"]
[White "Huhn, Ulrich"]
[Black "Paulin, Dieter"]
[Result "1-0"]
[WhiteElo "1757"]
[BlackElo "1566"]
[PlyCount "89"]
[EventDate "2013.??.??"]
[WhiteTeam "SF Siemensstadt"]
[BlackTeam "SK Dingelstädt 1921"]

1. d4 e6 2. Nc3 Nf6 3. Bg5 Be7 4. Nf3 h6 5. Bh4 d6 6. e3 a6 7. Bd3 Bd7 8. O-O
Bc6 9. Re1 Nbd7 10. a4 g5 11. Bg3 Nh5 12. e4 Nxg3 13. fxg3 Nf8 14. d5 Bd7 15.
e5 g4 16. Nd4 dxe5 17. dxe6 Nxe6 18. Nf5 Bc5+ 19. Kh1 Kf8 20. Qxg4 Bd6 21. Rf1
Qg5 22. Qxg5 Nxg5 23. Nxd6 cxd6 24. Rf6 Be6 25. h4 Kg7 26. Rf2 Nh7 27. Be4 Rab8
28. Rd1 Rhd8 29. Rfd2 Nf6 30. Rxd6 Rxd6 31. Rxd6 Ne8 32. Rb6 Bc8 33. a5 f5 34.
Bd3 Nc7 35. Bc4 Na8 36. Rd6 b5 37. Be6 e4 38. Rd8 b4 39. Ne2 b3 40. c3 Bxe6 41.
Rxb8 Bd5 42. Nf4 Nc7 43. Nxd5 Nxd5 44. Kg1 Kf6 45. c4 1-0

[Event "Offene Hessische Senioren Einzelmeisters"]
[Site "Bad Sooden- Allendorf"]
[Date "2013.04.23"]
[Round "4.61"]
[White "Heil, Rudolf"]
[Black "Merettig, Georg"]
[Result "0-1"]
[WhiteElo "1583"]
[BlackElo "1727"]
[PlyCount "22"]
[EventDate "2013.??.??"]
[WhiteTeam "SC Starnberg"]
[BlackTeam "SV Caissa Wolfenbüttel"]

1. c4 Nc6 2. g3 f5 3. Bg2 e5 4. d3 Nf6 5. e4 Bb4+ 6. Bd2 fxe4 7. Bxb4 Nxb4 8.
dxe4 O-O 9. Ne2 Qe7 10. Nbc3 Qc5 11. Na4 Qxc4 0-1

[Event "Offene Hessische Senioren Einzelmeisters"]
[Site "Bad Sooden- Allendorf"]
[Date "2013.04.23"]
[Round "4.62"]
[White "Berger, Volkmar"]
[Black "Hentzschel, Erhard"]
[Result "1/2-1/2"]
[WhiteElo "1547"]
[BlackElo "1723"]
[PlyCount "51"]
[EventDate "2013.??.??"]
[WhiteTeam "BSV-KW Jänschwalde 94 e.V."]
[BlackTeam "Peiner SV"]

1. d4 Nf6 2. Nc3 d5 3. Bf4 c6 4. h3 e6 5. Nf3 Bd6 6. Ne5 O-O 7. e3 Qc7 8. Bd3
Nbd7 9. Nxd7 Bxd7 10. Bxd6 Qxd6 11. a3 e5 12. dxe5 Qxe5 13. O-O Rfe8 14. Rb1
Rad8 15. Ne2 Bf5 16. Bxf5 Qxf5 17. Nd4 Qg5 18. b4 Ne4 19. Qd3 Qf6 20. Ne2 Qe5
21. Rbd1 Nd6 22. Qd4 Qxd4 23. Rxd4 Nc4 24. Rd3 Re7 25. Rb1 a6 26. a4 1/2-1/2

[Event "Offene Hessische Senioren Einzelmeisters"]
[Site "Bad Sooden- Allendorf"]
[Date "2013.04.23"]
[Round "4.63"]
[White "Fuhlrott, Heinz"]
[Black "Pajcin, Dr. Jovan"]
[Result "0-1"]
[WhiteElo "1489"]
[BlackElo "1722"]
[PlyCount "98"]
[EventDate "2013.??.??"]
[WhiteTeam "MTV Fichte Winsen"]
[BlackTeam "Philidor Leiden"]

1. d4 Nf6 2. Bg5 Ne4 3. Bf4 g5 4. Bg3 b6 5. f3 Nxg3 6. hxg3 c5 7. c3 Qc7 8. Kf2
h5 9. e4 h4 10. gxh4 Rxh4 11. Rxh4 gxh4 12. e5 d6 13. Bb5+ Nd7 14. Qe2 a6 15.
Bxd7+ Bxd7 16. Qe4 O-O-O 17. Qa8+ Qb8 18. Qxb8+ Kxb8 19. Nd2 Bh6 20. Nc4 b5 21.
Ne3 dxe5 22. dxe5 Bf4 23. Rd1 Kc8 24. Nd5 Bg3+ 25. Ke2 e6 26. Nb6+ Kc7 27.
Rxd7+ Rxd7 28. Nxd7 Kxd7 29. Ke3 Bxe5 30. f4 Bf6 31. Kf3 b4 32. Ne2 bxc3 33.
bxc3 c4 34. Ke4 Kd6 35. a4 Kc5 36. f5 Kb6 37. fxe6 fxe6 38. Nf4 Bxc3 39. Nxe6
Bb2 40. Nf4 Kc5 41. Ng6 Kb4 42. a5 Kb3 43. Nf4 c3 44. Ne2 c2 45. Kf4 c1=Q+ 46.
Nxc1+ Bxc1+ 47. Kg4 Bd2 48. Kxh4 Bxa5 49. g4 Bd8+ 0-1

[Event "Offene Hessische Senioren Einzelmeisters"]
[Site "Bad Sooden- Allendorf"]
[Date "2013.04.23"]
[Round "4.64"]
[White "Grasmik, Waldemar"]
[Black "Mertens, Gottfried"]
[Result "0-1"]
[WhiteElo "1358"]
[BlackElo "1721"]
[PlyCount "96"]
[EventDate "2013.??.??"]
[WhiteTeam "TSV 1876 Bad Kissingen"]
[BlackTeam "SK Weinheim 1911 e.V."]

1. d4 f5 2. e4 fxe4 3. Nc3 Nf6 4. Bg5 Nc6 5. Bxf6 exf6 6. Nxe4 d5 7. Ng3 Qe7+
8. Be2 Qb4+ 9. c3 Qxb2 10. Rc1 Bd7 11. Rc2 Qa3 12. Bd3 O-O-O 13. N1e2 g6 14.
O-O Bh6 15. Qb1 Na5 16. Rb2 b6 17. Bb5 Bxb5 18. Rxb5 Nc4 19. Rb3 Qd6 20. Qd3
Qc6 21. Ra1 Na5 22. Rb4 Bf8 23. Rbb1 Qc4 24. Qf3 Qc6 25. a4 Nc4 26. Qd3 a5 27.
Rb5 Bh6 28. Nf1 Rde8 29. Qh3+ Qe6 30. Qxh6 Qxe2 31. Rxd5 c6 32. Qh3+ Qe6 33.
Rh5 gxh5 34. Qxh5 f5 35. Qd1 Rhg8 36. h3 f4 37. Kh2 Qe4 38. f3 Qe2 39. Qxe2
Rxe2 40. Kh1 Rgxg2 41. Rd1 Rgf2 42. Rc1 Nd2 43. Nxd2 Rxd2 44. Kg1 Rxf3 45. d5
Rxh3 46. dxc6 Rdh2 47. Rf1 Rh1+ 48. Kg2 R3h2+ 0-1

[Event "Offene Hessische Senioren Einzelmeisters"]
[Site "Bad Sooden- Allendorf"]
[Date "2013.04.23"]
[Round "4.65"]
[White "Johannsen, Ingbert"]
[Black "Mittelstaedt, Ewald"]
[Result "1-0"]
[WhiteElo "1708"]
[BlackElo "1375"]
[PlyCount "53"]
[EventDate "2013.??.??"]
[WhiteTeam "SG Witten"]
[BlackTeam "SC Tarrasch 45 München"]

1. e4 c5 2. Nf3 Nc6 3. d4 cxd4 4. Nxd4 e5 5. Nb5 d6 6. Be3 a6 7. N5c3 Be6 8.
Be2 Nf6 9. O-O Be7 10. Bf3 Qd7 11. Nd5 Bd8 12. Nbc3 b5 13. a3 Ng4 14. Bb6 O-O
15. Bxd8 Bxd5 16. Nxd5 Nxh2 17. Kxh2 Qxd8 18. c3 f5 19. exf5 Rxf5 20. Ne3 Rf4
21. Bxc6 Rc8 22. Bd5+ Kh8 23. g3 Rf6 24. Kg2 Qe7 25. Qc2 Rcf8 26. Rad1 Rg6 27.
Qxg6 1-0

[Event "Offene Hessische Senioren Einzelmeisters"]
[Site "Bad Sooden- Allendorf"]
[Date "2013.04.23"]
[Round "4.66"]
[White "Dombrowe, Eckehard"]
[Black "Noordijk, Ed"]
[Result "0-1"]
[WhiteElo "1562"]
[BlackElo "1782"]
[PlyCount "56"]
[EventDate "2013.??.??"]
[WhiteTeam "SG Nettetal 1929"]
[BlackTeam "S.C. Oegstgeest '80"]

1. d4 d6 2. e3 Nf6 3. c4 Nbd7 4. Nc3 e5 5. dxe5 dxe5 6. g3 c6 7. Bg2 Be7 8.
Nge2 Qc7 9. O-O Nc5 10. Qc2 Bd7 11. b3 Qc8 12. Rd1 h5 13. Ba3 h4 14. Bxc5 Bxc5
15. Ne4 Be7 16. Nd6+ Bxd6 17. Rxd6 Bf5 18. e4 Bh3 19. Rad1 Qg4 20. f3 Qh5 21.
Bxh3 hxg3 22. Bd7+ Nxd7 23. Nxg3 Qxf3 24. Rxd7 Qe3+ 25. Kh1 Qxg3 26. Rxb7 Qf3+
27. Kg1 Qg4+ 28. Qg2 Qxd1+ 0-1

[Event "Offene Hessische Senioren Einzelmeisters"]
[Site "Bad Sooden- Allendorf"]
[Date "2013.04.23"]
[Round "4.67"]
[White "Garms, Ilse"]
[Black "Thielemann, Joachim"]
[Result "1-0"]
[WhiteElo "1551"]
[BlackElo "1777"]
[PlyCount "87"]
[EventDate "2013.??.??"]
[WhiteTeam "Brandenburger LSSV"]
[BlackTeam "TSV Hessenstein"]

1. d4 Nf6 2. Nf3 d5 3. e3 e6 4. Bd3 Nbd7 5. Nbd2 b6 6. c3 g6 7. e4 dxe4 8. Nxe4
Bb7 9. Nxf6+ Nxf6 10. Bg5 Be7 11. O-O O-O 12. Re1 Kg7 13. Qd2 Ng8 14. Be4 Bxe4
15. Rxe4 h6 16. Bf4 Bd6 17. Rae1 Re8 18. Bg3 Bxg3 19. hxg3 Qd6 20. Qc2 Rad8 21.
Nh4 Re7 22. Qe2 Rde8 23. Re5 f5 24. g4 Kh7 25. g3 Nf6 26. gxf5 g5 27. Ng2 h5
28. fxe6 Kh6 29. Qd2 Nh7 30. Nh4 Rf8 31. Nf5+ Rxf5 32. Rxf5 Rxe6 33. Rxe6+ Qxe6
34. Re5 Qxa2 35. d5 Qb1+ 36. Kg2 Qg6 37. Re6 Nf6 38. Qd4 Kg7 39. Re7+ Kh6 40.
Rxc7 h4 41. Rxa7 h3+ 42. Kxh3 Qf5+ 43. Kg2 g4 44. Qf4+ 1-0

[Event "Offene Hessische Senioren Einzelmeisters"]
[Site "Bad Sooden- Allendorf"]
[Date "2013.04.23"]
[Round "4.68"]
[White "Daebel, Dr. Hasso"]
[Black "Ophoff, Rigobert"]
[Result "0-1"]
[WhiteElo "1538"]
[BlackElo "1706"]
[PlyCount "94"]
[EventDate "2013.??.??"]
[WhiteTeam "Drewer (Marl) SG"]
[BlackTeam "Rhedaer SV von 1931 e."]

1. d4 Nf6 2. Nf3 d5 3. Bf4 e6 4. Nbd2 Bd6 5. Ne5 Nbd7 6. Nd3 O-O 7. Bxd6 cxd6
8. Nf3 Re8 9. h3 e5 10. dxe5 dxe5 11. Nh2 Qb6 12. Qd2 e4 13. Qb4 exd3 14. Qxb6
d2+ 15. Kxd2 Nxb6 16. b3 Bf5 17. g4 Ne4+ 18. Ke1 Be6 19. Nf3 Rac8 20. Nd4 a6
21. Bg2 Nd6 22. Rc1 Rc7 23. f4 Bd7 24. Kd2 Nb5 25. e3 Nxd4 26. exd4 Bc6 27.
Rce1 Rce7 28. Re5 f6 29. Rxe7 Rxe7 30. Re1 Rxe1 31. Kxe1 Kf7 32. f5 Ke7 33. a4
a5 34. Bf1 Nc8 35. Kd2 Nd6 36. Bd3 b5 37. axb5 Bxb5 38. Bxb5 Nxb5 39. Kd3 Kd6
40. c4 dxc4+ 41. bxc4 Nxd4 42. Kxd4 a4 43. Kc3 Kc5 44. h4 h6 45. h5 a3 46. Kb3
a2 47. Kxa2 Kxc4 0-1

[Event "Offene Hessische Senioren Einzelmeisters"]
[Site "Bad Sooden- Allendorf"]
[Date "2013.04.23"]
[Round "4.69"]
[White "Hegner, Peter"]
[Black "Bendisch, Dr. Jürgen"]
[Result "1/2-1/2"]
[WhiteElo "1521"]
[BlackElo "1701"]
[PlyCount "50"]
[EventDate "2013.??.??"]
[WhiteTeam "SC Bad Soden"]
[BlackTeam "SV Hennef 1927 e.V."]

1. e4 c5 2. Nc3 e6 3. Nf3 Nc6 4. Bb5 Qc7 5. O-O Be7 6. Bxc6 Qxc6 7. d4 a6 8. d5
Qc7 9. e5 d6 10. Bf4 Qb6 11. b3 dxe5 12. Bxe5 Bf6 13. Qe2 Bxe5 14. Qxe5 Nf6 15.
Rad1 O-O 16. dxe6 Bxe6 17. Ne4 Nxe4 18. Qxe4 g6 19. c4 Rad8 20. h3 Qc7 21. Ng5
Rde8 22. Qh4 f6 23. Ne4 Kg7 24. Qg3 Qxg3 25. fxg3 Rc8 1/2-1/2